000 00446nam a22001577a 4500
020 _a9788131714508
040 _cNUST
082 _a621.3815 MAN
100 _aMano, M. Morris,
_984193
110 _aCiletti, Michael D
_984194
245 _aDigital Design
250 _a4TH
260 _aINDIA,
_bPearson / Prentice-Hall,
_c2008.
650 _aElectronic digital computers -- Circuits. Logic circuits. Logic design
_984195
942 _2ddc
_cBK
999 _c586765
_d586765